000 00738nam a2200217 a 4500
001 BRL_1794
005 20190320211354.0
008 030815s1950----mx-b######---#000-0#spa-#
041 _aspa
044 _amx
050 4 _aF1230
_b.D53 1950
100 1 _aDiaz del Castillo, Bernal
_d1496-1584
_911213
245 1 0 _aHistoria verdadera de la conquista de la Nueva España
_cBernal Díaz del Castillo ; introducción y notas Joaquín Ramírez Cabañas.
260 _aMéxico
_bEspasa-Calpe Mexicana
_c1950
300 _a3 v.
_bil., mapas
_c23 cm
500 _at.1 Au1922, t.2 Au1921, t.3 Au1920
651 4 _aMéxico
_xHistoria
_yConquista 1519-1540
_9442
700 1 _aRamírez Cabañas, Joaquín
_927895
902 _aGRL
942 _2lcc
_cB
999 _c10602
_d10602